| 000 | 04054cam a2200421 i 4500 | ||
|---|---|---|---|
| 003 | EG-GICUC | ||
| 005 | 20260310102435.0 | ||
| 008 | 090827s2010 enka frb 001 0 eng d | ||
| 020 |
_a9780521119979 _qhbk. : alk. paper |
||
| 020 |
_a0521119979 _qhbk. : alk. paper |
||
| 040 |
_aDLC _cDLC _dBTCTA _dBWKUK _dBWK _dYDXCP _dCDX _dBOP _dUKM _dRCJ _dDLC _dEG-GICUC _beng _erda |
||
| 050 | 0 | 0 |
_aK4610 _b.L39 2010 |
| 082 | 0 | 0 |
_a347.87 _221 |
| 092 | 0 | 4 | _221 |
| 099 | _aLaw 12 2010 | ||
| 245 | 0 | 4 |
_aThe law, economics and politics of retaliation in WTO dispute settlement / _cedited by Chad P. Bown, Joost Pauwelyn. |
| 264 |
_aCambridge, UK ; _aNew York : _bCambridge University Press, _c2010. |
||
| 300 |
_axiv, 677 pages : _billustrations ; _c24 cm. |
||
| 336 |
_atext _2rdacontent |
||
| 337 |
_aComputer _2rdamedia |
||
| 338 |
_aOnline Resource _2rdacarrier |
||
| 490 | 1 | _aCambridge international trade and economic law | |
| 504 | _aIncludes bibliographical references and index. | ||
| 505 | 0 | 0 | _aThe nature of WTO arbitrations on retaliation / Giorgio Sacerdoti -- The calculation and design of trade retaliation in context : what is the goal of suspending WTO obligations? / Joost Pauwelyn -- Extrapolating purpose from practice : rebalancing or inducing compliance / Gregory Shaffer and Daniel Ganin -- The law of permissible WTO retaliation / Thomas Sebastian -- From bananas to Byrd : damage calculation coming of age? / Yves Renouf -- The economics of permissible WTO retaliation / Chad P. Bown and Michele Ruta -- Sticking to the rules : quantifying the market access that is potentially protected by WTO-sanctioned trade retaliationsimon / Simon J. Evenett -- The United States' experience and practice in suspending WTO obligations / Scott D. Andersen and Justine Blanchet -- The European community's experience and practice in suspending WTO obligations / Lothar Ehring -- The politics of selecting trade retaliation in the European community : a view from the floor / Håkan Nordström -- Canada's experience and practice in suspending WTO obligations / Vasken Khabayan -- Is retaliation useful? : observations and analysis of Mexico's experience / Jorge A. Huerta Goldman -- Procedures for the design and implementation of trade retaliation in Brazil / Luiz Eduardo Salles -- Retaliation in the WTO : the experience of Antigua and Barbuda in US-gambling / Mark E. Mendel. |
| 505 | 0 | 0 | _aEvaluating the criticism that WTO retaliation rules undermine the utility of WTO dispute settlement for developing countries / Hunter Nottage -- Optimal sanctions in the WTO : the case for decoupling (and the uneasy case for the status quo) / Alan O. Sykes -- Sanctions in the WTO : problems and solutions / William J. Davey -- WTO retaliatory measures : the case for multilateral regulation of the domestic decision-making process / Reto Malacrida -- The WTO secretariat and the role of economics in panels and arbitrations / Chad P. Bown -- The equivalence standard under Article 22.4 of the DSU : a 'tariffic' misunderstanding? / Simon Schropp -- Cross-retaliation and suspension under the GATS and TRIPS agreements / Werner Zdouc -- Cross-retaliation in TRIPS : issues of law and practice / Frederick Abbott -- Preliminary thoughts on WTO retaliation in the services sector / Arthur E. Appleton -- Compensation assessments : perspectives from investment arbitration / Gabrielle Kaufmann-Kohler -- Reforming WTO retaliation : any lessons from competition law? / Simon J. Evenett. |
| 610 | 2 | 0 |
_aWorld Trade Organization _vRules and practice. |
| 650 | 0 | _aArbitration (International law) | |
| 650 | 0 | _aForeign trade regulation. | |
| 650 | 0 |
_aDumping (International trade) _xLaw and legislation. |
|
| 650 | 0 |
_aTariff _xLaw and legislation. |
|
| 650 | 0 | _aImport quotas. | |
| 700 | 1 |
_aBown, Chad P., _q(Chad Philips), _d1972- _eeditor. |
|
| 700 | 1 |
_aPauwelyn, Joost, _eeditor. |
|
| 830 | 0 | _aCambridge international trade and economic law. | |
| 856 | 4 | 0 | _uhttps://fll.law.cu.edu.eg/fulltext/bks/ENGB12-00082.pdf |
| 905 | _a10 | ||
| 942 |
_2ddc _cBK _e21 _n0 |
||
| 999 |
_c65947 _d65947 |
||